Finančné účtovníctvo praktikum

Salvato in:
Dettagli Bibliografici
Autore principale: Staríčková, Zuzana
Ente Autore: Ekonomická univerzita v Bratislave. Národohospodárska fakulta
Natura: Libro
Lingua:slovacco
Pubblicazione: Bratislava Vydavateľstvo EKONÓM 2006
Soggetti:
Tags: Aggiungi Tag
Nessun Tag, puoi essere il primo ad aggiungerne!!

MARC

LEADER 00000nam$a2200000$$$4500
001 0040059
005 20240502071507.1
020 |a 80-225-1961-8 
041 0 |a slo 
044 |a SK 
245 1 0 |a Finančné účtovníctvo  |b praktikum  |c Zuzana Staríčková 
264 1 |a Bratislava  |b Vydavateľstvo EKONÓM  |c 2006 
300 |a 188 s. 
610 2 0 |a účtovníctvo finančné 
610 2 0 |a systémy informačné 
610 2 0 |a majetok dlhodobý 
610 2 0 |a zásoby 
610 2 0 |a účtovanie 
610 2 0 |a vzťahy zúčtovacie 
610 2 0 |a založenie podniku 
610 2 0 |a spoločnosti akciové 
610 2 0 |a spoločnosti s r.o. 
610 2 0 |a štandardy účtovné medzinárodné 
610 2 0 |a účtovníctvo 
610 2 0 |a Slovensko 
100 1 |a Staríčková, Zuzana 
710 2 |a Ekonomická univerzita v Bratislave. Národohospodárska fakulta